| 000 | 00929cam a2200277 a 4500 | ||
|---|---|---|---|
| 001 | 000008244 | ||
| 005 | 20200929161322.0 | ||
| 008 | 810706s1974 ck a 000 e spa | ||
| 035 | _a(DLC) 30018808 | ||
| 035 | _a(OCoLC)7558314 | ||
| 040 |
_aDO-SdBNP _cNNU _dOCoLC _dDLC |
||
| 082 |
_aC864.42 _bG643v, 1974. |
||
| 100 | 1 |
_aGonzález, Fernando, _q(Fernando González Ochoa), _d1895-1964. _922361 |
|
| 245 | 1 | 0 |
_aViaje a pie / _cFernando González. |
| 250 | _a4a ed. | ||
| 260 |
_aMedellín, (Colombia) : _bBedout, _c1974. |
||
| 300 |
_a270 p : _bil. ; _c19 cm. |
||
| 490 | 1 |
_aBolsilibros Bedout _v90 |
|
| 590 | _aLa biblioteca posee 1 ejemplar autografiado por el autor. | ||
| 650 | 4 |
_aEnsayos colombianos _914811 |
|
| 650 | 4 |
_aLiteratura colombiana _ySIGLO XX _914409 |
|
| 651 | 4 |
_aColombia _xDescripciones Y Viajes _916997 |
|
| 830 | 0 |
_aBolsilibros Bedout ; _v90. _93750 |
|
| 910 | _aCatalogación por copia | ||
| 049 | _aBNGR | ||
| 999 |
_c8015 _d8015 |
||